Normal view
MARC view
- Bos, M.G
Entry Personal Name
001 - CONTROL NUMBER
- control field: 7746
003 - CONTROL NUMBER IDENTIFIER
- control field: OSt
005 - DATE AND TIME OF LATEST TRANSACTION
- control field: 20250823141301.0
008 - FIXED-LENGTH DATA ELEMENTS
- fixed length control field: 250823|| aca||aabn | a|a d
040 ## - CATALOGING SOURCE
- Original cataloging agency: OSt
- Transcribing agency: OSt
100 ## - HEADING--PERSONAL NAME
- Personal name: Bos, M.G
670 ## - SOURCE DATA FOUND
- Source citation: Work cat.: (OSt)1554: Bos, M.G ., Discharge measurement structures / , 1976.
